| 000 | 00703nam a22002057a 4500 | ||
|---|---|---|---|
| 003 | OSt | ||
| 005 | 20131115131551.0 | ||
| 008 | 130522s2007 sp ||||| |||| 00| 0 spa d | ||
| 020 | _a9788430945061 | ||
| 040 | _cCDMR | ||
| 100 | 1 |
_9449 _aRey Morató, Javier del |
|
| 245 | 1 | 0 |
_aComunicación política, Internet y campañas electorales _b: de la teledemocracia a la ciberdemocracia _cJavier del Rey Morató |
| 260 |
_aMadrid _bTecnos _c2007 |
||
| 300 | _a346 p. | ||
| 650 | 0 | 4 |
_93324 _aComunicació en la política |
| 650 | 0 | 4 |
_92807 _aMitjans de comunicació de massa _xAspectes polítics |
| 650 | 0 | 4 |
_93177 _aPropaganda |
| 650 | 0 | 4 |
_93508 _aTecnologia de la informació _xAspectes socials |
| 942 |
_2udc _cMON |
||
| 999 |
_c6292 _d6292 |
||